00627nam a2200193Ia 4500008004100000020001800041082001700059100002300076245006200099250000900161260003000170300002500200500001900225600001500244650001500259942000700274952013500281999001700416240925s9999 xx 000 0 und d a9789352865475 a658.4038 LAU aLaudon, Kenneth C. 0aManagement Information Systems: managing the digital firm a15th aChennai:bPearsonc,2017. a1183p.bNAfOriginal aIncludes Index aManagement aManagement cBK 001040708MANaUITUbUITUd2018-12-17eRoyal Book Companyg1720.42l0o658.4038 LAUpQ12233r2024-09-25 07:16:22w2024-09-25yBK c14732d14732